Catálogo - Centro de Recursos para el Aprendizaje y la Investigación

Volver al Sitio - CRAI Biblioteca
Vista normal Vista MARC
  • República de Honduras. Leyes, decretos, etc.

Entrada Nombre corporativo

Número de registros utilizados en: 4

001 - NÚMERO DE CONTROL

  • campo de control: 194690

003 - IDENTIFICADOR DEL NÚMERO DE CONTROL

  • campo de control: DR-UNIBE

005 - FECHA Y HORA DE LA ÚLTIMA TRANSACCIÓN

  • campo de control: 20250429111854.0

008 - DATOS DE LONGITUD FIJA

  • campo de control de longitud fija: 250429|| aca||aabn | a|a d

040 ## - FUENTE DE LA CATALOGACIÓN

  • Centro catalogador/agencia de origen: DR-UNIBE

110 ## - ENCABEZAMIENTO-NOMBRE DE ENTIDAD CORPORATIVA

  • Nombre de entidad corporativa o nombre de jurisdicción como elemento de entrada: República de Honduras. Leyes, decretos, etc.